|
|
|
|
| LEADER |
01362nam a22002897a 4500 |
| 001 |
31572 |
| 003 |
BD-DhAAL |
| 005 |
20230427153828.0 |
| 008 |
170226b2015 bg ||||| b||| 001 0 eng d |
| 020 |
|
|
|a 9789843394484
|
| 040 |
|
|
|a BD-DhAAL
|c BD-DhAAL
|
| 082 |
|
|
|2 23
|a 320.95492
|
| 245 |
|
|
|a Bangladesh vision 2030 :
|b framework for economic policy making and strategy formulation in a pluralistic democracy /
|c edited by Sadiq Ahmed ... [et al.].
|
| 260 |
|
|
|a Dhaka :
|b Bangladesh Institute of Bank Management,
|c 2015.
|
| 300 |
|
|
|a xii, 602 pages ;
|b illustrations ;
|c 24 cm.
|
| 526 |
|
|
|a AAL
|
| 541 |
|
|
|a Donated By Akbar Ali Khan
|e 31572, 41118
|
| 650 |
|
|
|a Democracy
|v Congresses
|z Bangladesh.
|9 21001
|
| 700 |
|
|
|a Ahmed, Sadiq
|9 21002
|
| 700 |
|
|
|a Alamgir, Mohiuddin
|9 21003
|
| 700 |
|
|
|a Mujeri, Mustafa K.
|9 21004
|
| 700 |
|
|
|a Rahman, Atiur
|9 21005
|
| 852 |
|
|
|a Ayesha Abed Library
|c Akbar Ali Khan Collection
|
| 942 |
|
|
|2 ddc
|c BK
|
| 999 |
|
|
|c 37965
|d 37965
|
| 952 |
|
|
|0 0
|1 0
|2 ddc
|4 0
|6 320_954920000000000_BAN
|7 0
|9 60009
|a BRACUL
|b BRACUL
|c GEN
|d 2017-02-26
|e Complimentary copy from Mirza Azizul Islam
|l 2
|m 4
|o 320.95492 BAN
|p 3010031572
|r 2019-01-21
|s 2019-01-20
|t 1
|w 2017-02-26
|y BK
|
| 952 |
|
|
|0 0
|1 0
|2 ddc
|4 0
|6 320_954920000000000_BAN
|7 1
|9 73568
|a BRACUL
|b BRACUL
|c AAKC
|d 2023-04-27
|e Donated By Akbar Ali Khan
|g 1000.00
|l 0
|o 320.95492 BAN
|p 3010041118
|r 2023-04-27
|t 2
|w 2023-04-27
|y BK
|